Ústava Slovenskej Republiky z pohľadu poľského ústavného právnika

Hodnotenie Ústavy Slovenskej republiky v spojitosti s Ústavou Poľskej republiky, poukazujúc na príčiny čo najrýchlejšieho prijatia slovenskej ústavy a tiež vplyvov, z ktorých jej tvorcovia v čase jej vzniku vychádzali.

Salvato in:
Dettagli Bibliografici
Autore principale: Skotnicki, Krzysztof
Natura: Capitolo di libro
Lingua:slovacco
Soggetti:
Tags: Aggiungi Tag
Nessun Tag, puoi essere il primo ad aggiungerne!!

MARC

LEADER 00000naa a2200000 4500
001 0248992
005 20181120094445.2
041 0 |a slo 
044 |a SK 
245 1 0 |a Ústava Slovenskej Republiky z pohľadu poľského ústavného právnika  |c Krzysztof Skotnicki 
520 |a Hodnotenie Ústavy Slovenskej republiky v spojitosti s Ústavou Poľskej republiky, poukazujúc na príčiny čo najrýchlejšieho prijatia slovenskej ústavy a tiež vplyvov, z ktorých jej tvorcovia v čase jej vzniku vychádzali. 
610 2 0 |a ústava 
610 2 0 |a zákony 
610 2 0 |a legislatíva 
610 2 0 |a Slovensko 
610 2 0 |a Poľsko 
610 2 0 |a analýza komparatívna 
100 1 |a Skotnicki, Krzysztof